000
00300nam a22001337a 4500
008
190304b xxu||||| |||| 00| 0 eng d
020
_a
9780791420270
041
_a
eng
080
_a
316
100
_a
50
101
_a
SOC
245
_a
Issues in Evolutionary Ethics
_c
Thompson, P
942
_2
udc
_c
BK
999
_c
54435
_d
54435